000
00296 a2200121 4500
005
20250625095759.0
082
_a
658MBU.
100
_a
MBURA. O. K. L.
245
_a
Introduction To Business Manual
260
_a
Dodoma,
_b
Unpublished
_c
2005.
300
_a
123p.; ill, figure
_c
29cm
942
_2
ddc
_c
BKS
999
_c
4992
_d
4992